00321nam a22001217a 450000500170000000800410001704100130005808200130007110000120008426000470009630000300014365000260017320240702122538.0240702b |||||||| |||| 00| 0 eng d aEnglish  a349 ANN  lEnglish aCape Town: bJuta and Company Ltd, c2005  bxlv, 859 pages; c23 cm.  aLegal practice bLaw